000 00634nam a2200205 a 4500
001 000024635
005 20200930023300.0
008 110201s1981 sp a r 000 0 spa d
020 _a8485823125
040 _aDO-SdBNP
_bspa
_cBNPHU
082 _axxxxx
_bM311i
100 1 _aMaravall Casesnoves, Darío
_950543
245 1 0 _aIntroducción a la investigación en física y matemáticas /
_cDarío Maravall Casesnoves.
260 _aMadrid :
_bEmpeño,
_c1981.
300 _a132 p. :
_bil. ;
_c24 cm.
490 1 _aEmpeño ;
_v14
500 _aIncluye notas al pie de las páginas.
830 0 _aEmpeño ;
_n14
_950544
049 _aBNGR
999 _c24128
_d24128